Estudios especiales del CEFP

Bibliographic Details
Format: eBook
Language:Spanish
Published: Ciudad de Mx̌ico : Cm̀ara de Diputados 201? -
Subjects:
Online Access:Acceso restringido

MARC

LEADER 00000nam a22000007a 4500
005 20171010132357.0
007 cr|||| ||||
008 171010c201x9999mx |||| s|||| 0|||b1spa d
035 |a 20484 
040 |a vLex 
090 |c 7110  |d 7110 
245 0 0 |a Estudios especiales del CEFP  |h [Recurso electrn̤ico] 
256 |a Servicio en ln̕ea 
260 |a Ciudad de Mx̌ico :  |b Cm̀ara de Diputados   |c 201? - 
300 |a 1 recurso electrn̤ico 
310 |a Irregular 
506 |a Disponible solo en los productos indicados  |d vLex Global  |d vLex Global (Academic Edition, excluding Law Schools)  |d vLex Global (U.S. Academic Edition, Law Schools)  |d vLex Global (U.S. Academic Edition, excluding Law Schools)  |d vLex Global (Academic Edition, Law Schools) 
650 0 4 |a Derecho pb︢lico Administrativo  |z Mx̌ico 
740 0 |a vLex Revistas (Servicio en ln̕ea) 
856 4 0 |u http://vlex.com/source/estudios-especiales-cefp-20484  |z Acceso restringido 
942 |c REV 
999 0 |a Public law